00385nam a2200121Ia 4500008004100000020002200041100001600063245005000079260004800129300004700177650002300224650001600247200915s9999 xx 000 0 und d a978-1-119-51789-4 aTyson, Eric cEric Tyson.--aPersonal finance for dummies / aNew Jersey :bJohn Wiley & Sons, Inc.c2019 axix , 468 pages :billustrations ;c23 cm. aFinance, Personal. aInvestment.